01166cam a2200265Ia 45000010006000000050017000060080041000230350023000640400020000870200015001070200018001220350020001400430012001601100029001722450139002012460051003402600051003913000021004425000137004635000137006006100039007376510037007766500025008138300062008385034220230411090002.0040225r19991911ctu bc 000 0 eng  a(OCoLC)ocm54481438 aDLMcDLMdOCLCQ a1578982782 a9781578982783 a(OCoLC)54481438 aar-----2 aNew York Public Library.10aList of works in the New York Public Library relating to Arabia and the Arabs /ccompiled by the staff of the New York Public Library.18aList of works relating to Arabia and the Arabs aMansfield Centre, CT :bMartino Pub.,c[1999?] a198 p. ;c23 cm. aReprint. Originally published: New York : New York Public Library, 1911. (Bulletin of the New York Public Library, vol. XV, no. 1.). a"This work is a facsimile edition of List of works in the New York Public Library relating to Arabia and the Arabs ..."--T.p. verso.20aNew York Public LibraryvCatalogs. 0aArabian PeninsulavBibliography. 0aArabsvBibliography. 0aBulletin of the New York Public Library ;vv. 15,nno. 1.